The state of the Estate in 2013 (Record no. 115149)
[ view plain ]
| 000 -LEADER | |
|---|---|
| fixed length control field | 01233cam a22002175a 4500 |
| 001 - CONTROL NUMBER | |
| control field | L158115 |
| 008 - FIXED-LENGTH DATA ELEMENTS--GENERAL INFORMATION | |
| fixed length control field | 140623s2014 xxk f 000 0 eng d |
| 035 ## - SYSTEM CONTROL NUMBER | |
| System control number | (Sirsi) u158115 |
| 041 0# - LANGUAGE CODE | |
| Language code of text/sound track or separate title | eng |
| 110 2# - MAIN ENTRY--CORPORATE NAME | |
| Corporate name or jurisdiction name as entry element | United Kingdom |
| Subordinate unit | Cabinet Office |
| 9 (RLIN) | 5270 |
| 245 04 - TITLE STATEMENT | |
| Title | The state of the Estate in 2013 |
| Medium | [electronic resource] |
| 260 ## - PUBLICATION, DISTRIBUTION, ETC. | |
| Place of publication, distribution, etc. | London |
| Date of publication, distribution, etc. | Cabinet Office |
| Name of publisher, distributor, etc. | 2014 |
| 520 ## - SUMMARY, ETC. | |
| Summary, etc. | Provides an annual overview and statistical data on the size, ownership, geographical distribution and use of central government buildings. Excludes defence military estate, prisons, NHS estate, DEFRA rural estate, Foreign and Commonwealth Office, Home Office and overseas property. Shows how the UK Government has reduced the size of its estate by 500, 000 sq metres and running costs by £240 million and is introducing a number of sustainable measures to reduce its greenhouse gas emissions. |
| 590 ## - LOCAL NOTE (RLIN) | |
| Local note | KA |
| 651 #4 - SUBJECT ADDED ENTRY--GEOGRAPHIC NAME | |
| Geographic name | United Kingdom |
| Chronological subdivision | |
| 690 ## - LOCAL SUBJECT ADDED ENTRY--TOPICAL TERM (OCLC, RLIN) | |
| Topical term or geographic name as entry element | Commercial property |
| 9 (RLIN) | 6227 |
| 690 ## - LOCAL SUBJECT ADDED ENTRY--TOPICAL TERM (OCLC, RLIN) | |
| Topical term or geographic name as entry element | Facilities management |
| 9 (RLIN) | 6240 |
| 690 ## - LOCAL SUBJECT ADDED ENTRY--TOPICAL TERM (OCLC, RLIN) | |
| Topical term or geographic name as entry element | Sustainability |
| 9 (RLIN) | 6271 |
| 856 40 - ELECTRONIC LOCATION AND ACCESS | |
| Uniform Resource Identifier | <a href="https://www.gov.uk/government/uploads/system/uploads/attachment_data/file/317974/StateOfEstate2013.pdf">https://www.gov.uk/government/uploads/system/uploads/attachment_data/file/317974/StateOfEstate2013.pdf</a> |
| Public note | View the item free of charge from the www.gov.uk website. |
| 942 ## - ADDED ENTRY ELEMENTS (KOHA) | |
| Suppress in OPAC | 0 |
| Withdrawn status | Lost status | Source of classification or shelving scheme | Damaged status | Not for loan | Home library | Current library | Shelving location | Date acquired | Total Checkouts | Full call number | Barcode | Date last seen | Copy number | Price effective from | Koha item type |
|---|---|---|---|---|---|---|---|---|---|---|---|---|---|---|---|
| Dewey Decimal Classification | Virtual | Virtual | Online | 23/06/2014 | ONLINE PUBLICATION | 158115-2001 | 06/08/2019 | 1 | 06/08/2019 | Book |